|
|
|
|
| LEADER |
00000cam a2200000 4500 |
| 003 |
UAHC |
| 005 |
20190731064554.0 |
| 008 |
180910s2010 c |||| |||| 00| 0 spa d |
| 952 |
|
|
|0 0
|1 0
|2 ddc
|4 0
|6 CH_861_000000000000000_ESP
|7 0
|8 COMP
|9 90590
|a BS
|b BS
|c General
|d 2018-09-10
|e Compra: Cuarto Propio
|g 3900.00
|l 1
|o Ch861 ESP
|p 1461315
|r 2025-11-26 00:00:00
|s 2018-09-26
|t c.1
|v 3900.00
|w 2018-09-10
|x OC:2136 / Factura: 1554
|y BKL
|
| 999 |
|
|
|c 51048
|d 51048
|
| 020 |
|
|
|a 9789563451115
|
| 035 |
|
|
|a ARTES
|
| 040 |
|
|
|a UAHC_CL
|c UAHC_CL
|d UAHC_CL
|
| 082 |
|
|
|2 21
|a Ch861
|b E77
|
| 100 |
|
|
|a Espinoza Valenzuela, Oscar
|d 1962-
|9 4826
|
| 245 |
|
|
|a Princesas diaguitas en el silencio del Choapa
|c Oscar Espinoza Valenzuela.
|
| 260 |
|
|
|a Santiago, Chile:
|b Centro de proyección cultural Choapa,
|c 2010.
|
| 300 |
|
|
|a 65 p.
|
| 520 |
|
|
|a Es difícil proponer un proyecto literario que intente reconstruir la identidad de un pueblo o de un valle, Oscar propone tal forma esta reconstrucción que el lector no sólo se enamora del texto también de un pueblo que está más vivo que nunca.
|
| 650 |
|
0 |
|9 2535
|a Poesía chilena
|
| 650 |
|
0 |
|9 237
|a Literatura chilena
|
| 942 |
|
|
|2 ddc
|c BKL
|